Central Library OPAC University of Rajshahi

Physical education / (Record no. 49943)

MARC details
000 -LEADER
fixed length control field 00712nam a2200229 a 4500
001 - CONTROL NUMBER
control field 49943
003 - CONTROL NUMBER IDENTIFIER
rucl marc code BD-RjUL
005 - DATE AND TIME OF LATEST TRANSACTION
control field 20211209075432.0
008 - FIXED-LENGTH DATA ELEMENTS--GENERAL INFORMATION
fixed length control field 160823m19541949stka 001 0 eng
035 ## - SYSTEM CONTROL NUMBER
System control number (BD-RjUL)50063
040 ## - CATALOGING SOURCE
Original cataloging agency BD-RjUL
Language of cataloging eng
Transcribing agency BD-RjUL
Modifying agency BD-RjUL
041 ## - LANGUAGE CODE
Language code of text/sound track or separate title eng
082 ## - DEWEY DECIMAL CLASSIFICATION NUMBER
Edition number 23
Classification number 613.7
Author mark and year MAP 1954
100 ## - MAIN ENTRY--PERSONAL NAME
Personal name Maistre, E. Harold Le
9 (RLIN) 149675
245 00 - TITLE STATEMENT
Title Physical education /
Statement of responsibility, etc. E. Harold Le Maistre ; with a preface by Harvey Sutton
260 ## - PUBLICATION, DISTRIBUTION, ETC. (IMPRINT)
Place of publication, distribution, etc. London :
Name of publisher, distributor, etc. Oxford University,
Date of publication, distribution, etc. 1949, [Reprinted 1954]
300 ## - PHYSICAL DESCRIPTION
Pagination xv, 302 p. :
Illustrations ill ;
Size 24 cm.
500 ## - GENERAL NOTE
General note Includes index
650 #0 - SUBJECT ADDED ENTRY--TOPICAL TERM
Topical term or geographic name as entry element Physical education and training
9 (RLIN) 149676
700 ## - ADDED ENTRY--PERSONAL NAME
Personal name Sutton, Harvey
942 ## - ADDED ENTRY ELEMENTS (KOHA)
Source of classification or shelving scheme Dewey Decimal Classification
Koha item type Books
Holdings
Lost status Source of classification or shelving scheme Damaged status Not for loan Collection code Permanent Location Current Location Shelving location Date acquired Source of acquisition Cost, normal purchase price Total Checkouts Full call number Date last seen Copy number Koha item type
  Dewey Decimal Classification     Non-fiction Central Library, University of Rajshahi Central Library, University of Rajshahi   07/06/1955 Allies books com 11.40   613.7 MAP 1954 23/08/2016 C-2 Books
  Dewey Decimal Classification     Non-fiction Central Library, University of Rajshahi Central Library, University of Rajshahi   07/06/1955 Allies books com 11.40   613.7 MAP 1954 23/08/2016 C-3 Books
  Dewey Decimal Classification     Non-fiction Central Library, University of Rajshahi Central Library, University of Rajshahi   07/06/1955 Allies books com 11.40   613.7 MAP 1954 23/08/2016 C-4 Books
  Dewey Decimal Classification     Non-fiction Central Library, University of Rajshahi Central Library, University of Rajshahi   07/06/1955 Allies books com 11.40   613.7 MAP 1954 23/08/2016 C-5 Books